000 00298nam a22001337a 4500
008 170911b xxu||||| |||| 00| 0 eng d
020 _a9780132366786
041 _aeng
080 _a53
100 _a43
101 _aFIZ
245 _aTHE THEORY OF ALMOST EVERYTHING
_cOERTER,R
942 _2udc
_cBK
999 _c27193
_d27193